La realidad nacional 1986

Na minha lista:
Detalhes bibliográficos
Autor principal: Balcárcel, Miguel Angel
Formato: Texto
Publicado em: Guatemala: Asociación de Investigación y estudios sociales
Tags: Adicionar Tag
Sem tags, seja o primeiro a adicionar uma tag!

MARC

LEADER 00000 a a2200000 04500
001 24706
003
040
090 |a 173200  
100 |a Balcárcel, Miguel Angel  
245 |a La realidad nacional 1986  
260 |a Guatemala:   |b Asociación de Investigación y estudios sociales  
300 |a 151 p.  
999 |c 15410  |d 15410